000 01411nam a22002297a 4500
999 _c21558
_d21558
003 AR-CdUCM
008 190312b ||||| |||| 00| 0 spa d
020 _a9786124115196
040 _aMUNICIPALIDAD PROVINCIAL DEL CUSCO
_cBIBLIOTECA MUNICIPAL DEL CUSCO
082 _a347.4/B81C
_bB81C
100 _aBravo Melgar, Sidney Alex
_945351
245 _aContratos modernos empresariales :
_bContratos atípicos e innominados /
_cSidney Alex Bravo Melgar
260 _aLima :
_bEds. Legales,
_c2016.
300 _a891 páginas. :
_c24x17 cm.
505 _aContenido: Franchising -- Know-how -- El factoring -- Undewriting -- Joint venture -- Leasing -- Fideicomiso --Swap -- Pool -- Renting -- Compra venta internacional -- Engineering -- Countertrade -- Barter -- Concesión -- Distribución -- Management -- Corretaje -- Sponsorship -- Credit card -- Merchandising -- Contratos infomáticos --Commodities --Consulting -- Agency -- Securitización -- Outsourcing -- Hedging -- Forfaiting -- Forward -- Confirming -- Reporto -- Contratos electrónicos
650 _aContratos comerciales-- -Aspectos legales-- -Perú
_945352
650 _aContratos (Derecho civil)-- -Aspectos Legales-- -Perú
_945353
650 _aDerecho civil (Obligaciones y contratos)-- -Perú
_945354
650 _aDerecho comercial-- -Legislación-- -Perú-- -Interpretación y aplicación
_945355
942 _2ddc
_cLIBROS
945 _aRoel